| 000 | 00891nac a22002411u 4500 | ||
|---|---|---|---|
| 010 | _a 88009756 | ||
| 020 | _a0080363628 : | ||
| 020 | _a0080348793 (pbk.) : | ||
| 082 | 0 | 0 |
_a363.179 _bFUL |
| 090 |
_c6421 _d6421 |
||
| 100 | _aFullwood, R. R. | ||
| 245 | 1 | 0 |
_aProbabilistic risk assessment in the nuclear power industry : _bfundamentals and applications / _cby Ralph R. Fullwood and Robert E. Hall. |
| 250 | _a1st ed. | ||
| 260 |
_aOxford [Oxfordshire] ; _aNew York : _bPergamon Press,c.1988. _cc.1988. |
||
| 300 |
_axxiv, 318 p. : _bill. ; _c24 cm. |
||
| 500 | _aIncludes index. | ||
| 500 | _aDistributer: Al-Ahram. | ||
| 504 | _aBibliography: p. 306-314. | ||
| 511 | _aCatalogued By: Mahitab. | ||
| 650 | 0 |
_aNuclear power plants _xRisk assessment _xStatistical methods. |
|
| 700 | 1 |
_aHall, R. _q(Robert), _d1947- |
|
| 942 |
_cBB _k363.179FUL |
||
| 999 |
_c6421 _d6421 |
||